[Event "Mexican op 69th"]
[Site "Mexico City"]
[Date "2024.03.29"]
[Round "6"]
[White "Sandoval Mercado, Carlos"]
[Black "Gonzalez Zamora, Juan Carlos"]
[Result "1/2-1/2"]
[WhiteElo "2377"]
[BlackElo "2480"]
[PlyCount "50"]
[EventDate "2024.03.26"]
[EventType "swiss"]
[EventRounds "9"]
[EventCountry "MEX"]
[SourceTitle "CB14_2024"]
[SourceDate "2024.04.01"]
[SourceVersion "1"]
[SourceVersionDate "2024.04.01"]
[SourceQuality "1"]

1. d4 Nf6 2. c4 e6 3. Nf3 Bb4+ 4. Nbd2 b6 5. a3 Bxd2+ 6. Bxd2 h6 7. e3 Bb7 8. Bd3 d6 9. Qc2 Nbd7 10. e4 e5 11. 0-0 0-0 12. b4 exd4 13. Nxd4 Ne5 14. f3 Nxd3 15. Qxd3 Re8 16. Rad1 Nd7 17. Nf5 Ne5 18. Qd4 Bc8 19. Nxg7 Kxg7 20. f4 Bg4 21. Rde1 Re6 22. fxe5 dxe5 23. Qf2 Qe7 24. Re3 Rg6 25. Bc3 Re8 1/2-1/2

[Event "MEX-ch"]
[Site "Mexico City"]
[Date "2023.11.09"]
[Round "3"]
[White "Sandoval Mercado, Carlos"]
[Black "Martinez Castaneda, Allan"]
[Result "0-1"]
[WhiteElo "2397"]
[BlackElo "1936"]
[PlyCount "115"]
[EventDate "2023.11.07"]
[EventType "swiss"]
[EventRounds "9"]
[EventCountry "MEX"]
[SourceTitle "CB46_2023"]
[SourceDate "2023.11.15"]
[SourceVersion "1"]
[SourceVersionDate "2023.11.15"]
[SourceQuality "1"]

1. d4 g6 2. c4 Bg7 3. e4 c5 4. d5 d6 5. h3 Nf6 6. Nc3 0-0 7. Be3 b5 8. cxb5 a6 9. a4 Qa5 10. Bd2 Qb4 11. Bd3 Nfd7 12. Bc2 Ne5 13. Nce2 Qxb2 14. Rb1 Qa3 15. Bc1 Qa2 16. Bb2 Nf3+ 17. Nxf3 Bxb2 18. b6 Nd7 19. 0-0 Rb8 20. a5 Bg7 21. Nd2 c4 22. Nf3 Qxa5 23. Ned4 Rxb6 24. Nc6 Qc5 25. Nxe7+ Kh8 26. Ba4 c3 27. Rc1 Rb4 28. Bc6 Nb6 29. Re1 Bf6 30. Nxc8 Rxc8 31. e5 dxe5 32. Nxe5 Kg7 33. Nd3 Qd4 34. Nxb4 Qxb4 35. Qd3 Qc4 36. Qf3 Rd8 37. Red1 Nd7 38. Qe3 Nc5 39. Rc2 a5 40. Rdc1 Ne4 41. Rd1 a4 42. Qd3 Qb4 43. Ra2 a3 44. Rb1 Nc5 45. Qc2 Qf4 46. Rxa3 Be5 47. g3 Qd4 48. Rd1 Qb4 49. Raa1 Qb2 50. Ra2 Qb4 51. Kg2 h5 52. Re1 Bf6 53. Ra7 Qc4 54. Qa2 Qxa2 55. Rxa2 Nd3 56. Rb1 h4 57. Rc2 Rd6 58. Kf1 0-1

[Event "Cancun Camara Cup 11th"]
[Site "Cancun"]
[Date "2023.10.15"]
[Round "9"]
[White "Sandoval Mercado, Carlos"]
[Black "Quesada Perez, Luis Ernesto"]
[Result "0-1"]
[WhiteElo "2387"]
[BlackElo "2555"]
[PlyCount "58"]
[EventDate "2023.10.11"]
[EventType "swiss"]
[EventRounds "9"]
[EventCountry "MEX"]
[SourceTitle "Mega2024 Update 01"]
[Source "Chessbase"]
[SourceDate "2023.11.12"]
[SourceVersion "1"]
[SourceVersionDate "2023.11.12"]
[SourceQuality "1"]

1. d4 Nf6 2. c4 g6 3. Nc3 Bg7 4. e4 d6 5. h3 0-0 6. Be3 e5 7. d5 Na6 8. Be2 Nc5 9. Qc2 c6 10. g4 Bd7 11. b4 cxd5 12. cxd5 Ncxe4 13. Nxe4 Nxe4 14. Qxe4 f5 15. Qc2 Rc8 16. Qb3 f4 17. Bd2 e4 18. Rc1 Rxc1+ 19. Bxc1 Qh4 20. Bb2 Bxb2 21. Qxb2 f3 22. Bd1 Re8 23. a4 Bxg4 24. Kf1 Bf5 25. Qd2 Rc8 26. Qe3 a6 27. Rh2 Kf7 28. Qd4 Rc1 29. Qd2 Qf4 0-1

[Event "Cancun Camara Cup 11th"]
[Site "Cancun"]
[Date "2023.10.12"]
[Round "3"]
[White "Sandoval Mercado, Carlos"]
[Black "Mareco, Sandro"]
[Result "0-1"]
[WhiteElo "2387"]
[BlackElo "2606"]
[PlyCount "68"]
[EventDate "2023.10.11"]
[EventType "swiss"]
[EventRounds "9"]
[EventCountry "MEX"]
[SourceTitle "Mega2024 Update 01"]
[Source "Chessbase"]
[SourceDate "2023.11.12"]
[SourceVersion "1"]
[SourceVersionDate "2023.11.12"]
[SourceQuality "1"]

1. d4 Nf6 2. c4 e6 3. Nc3 Bb4 4. e3 0-0 5. Bd3 d5 6. a3 Be7 7. b4 a5 8. b5 dxc4 9. Bxc4 b6 10. Nge2 Bb7 11. 0-0 Nbd7 12. Bb2 Bd6 13. Ng3 g6 14. f4 Nd5 15. Qf3 Qe7 16. Rae1 N7f6 17. e4 Nxf4 18. Bc1 N6h5 19. Qg4 Nxg3 20. hxg3 Nh5 21. e5 Bxa3 22. Bh6 Qb4 23. Bxf8 Rxf8 24. Bxe6 Qxc3 25. Rxf7 Rxf7 26. Rf1 Qd2 27. Bxf7+ Kg7 28. Bd5 Bxd5 29. Qd7+ Kh6 30. Qxd5 Qe3+ 31. Kh2 Qxg3+ 32. Kg1 Bc1 33. Qd7 Be3+ 34. Kh1 Qh4+ 0-1

[Event "Titled Tuesday intern op 18th Apr Early"]
[Site "Chess.com INT"]
[Date "2023.04.18"]
[Round "5"]
[White "Han, Yichen"]
[Black "Sandoval Mercado, Carlos"]
[Result "0-1"]
[WhiteElo "2406"]
[BlackElo "2291"]
[PlyCount "44"]
[EventDate "2023.04.18"]
[EventType "swiss (blitz)"]
[EventRounds "11"]
[EventCountry "USA"]
[SourceTitle "EXT 2024"]
[Source "ChessBase"]
[SourceDate "2023.10.10"]
[SourceVersion "1"]
[SourceVersionDate "2023.10.10"]
[SourceQuality "1"]

1. Nf3 Nf6 2. d4 g6 3. Nbd2 Bg7 4. e4 d6 5. Bb5+ c6 6. Bd3 0-0 7. 0-0 Nbd7 8. c3 e5 9. Qe2 a5 10. a4 Re8 11. Nc4 Qc7 12. dxe5 dxe5 13. Rd1 Nc5 14. Bc2 Bf8 15. Bg5 Nfd7 16. Be3 b6 17. h4 Ba6 18. b3 Ne6 19. h5 Nf4 20. Bxf4 exf4 21. hxg6 hxg6 22. Bd3 Nc5 0-1

[Event "Titled Tuesday intern op 18th Apr Early"]
[Site "Chess.com INT"]
[Date "2023.04.18"]
[Round "3"]
[White "Sandoval Mercado, Carlos"]
[Black "Timofeev, Artyom"]
[Result "0-1"]
[WhiteElo "2291"]
[BlackElo "2567"]
[PlyCount "64"]
[EventDate "2023.04.18"]
[EventType "swiss (blitz)"]
[EventRounds "11"]
[EventCountry "USA"]
[SourceTitle "EXT 2024"]
[Source "ChessBase"]
[SourceDate "2023.10.10"]
[SourceVersion "1"]
[SourceVersionDate "2023.10.10"]
[SourceQuality "1"]

1. d4 d5 2. c4 e6 3. Nf3 c6 4. g3 dxc4 5. Bg2 b5 6. 0-0 Bb7 7. Ne5 Qc8 8. b3 cxb3 9. Qxb3 Nd7 10. Nc3 Ngf6 11. Bg5 Be7 12. Nxb5 cxb5 13. Rfc1 Qb8 14. Bf4 Bxg2 15. Nxf7 Kxf7 16. Bxb8 Bd5 17. Qb2 Rhxb8 18. f3 Bc4 19. e3 Nb6 20. Qd2 a5 21. e4 h6 22. Qe3 a4 23. Kg2 Kg8 24. a3 Nbd7 25. h4 Rc8 26. g4 Rf8 27. Rh1 e5 28. g5 Nh5 29. dxe5 Nf4+ 30. Kg3 Nxe5 31. gxh6 Ne2+ 32. Kh2 Rxf3 0-1

[Event "Titled Tuesday intern op 18th Apr Early"]
[Site "Chess.com INT"]
[Date "2023.04.18"]
[Round "6"]
[White "Vaibhav, Jayant Raut"]
[Black "Sandoval Mercado, Carlos"]
[Result "1-0"]
[WhiteElo "2237"]
[BlackElo "2291"]
[PlyCount "81"]
[EventDate "2023.04.18"]
[EventType "swiss (blitz)"]
[EventRounds "11"]
[EventCountry "USA"]
[SourceTitle "EXT 2024"]
[Source "ChessBase"]
[SourceDate "2023.10.10"]
[SourceVersion "1"]
[SourceVersionDate "2023.10.10"]
[SourceQuality "1"]

1. c4 e5 2. g3 Nf6 3. Bg2 g6 4. Nf3 Nc6 5. Nc3 Bg7 6. d3 0-0 7. 0-0 d6 8. Rb1 a5 9. a3 Re8 10. Ne1 Nd4 11. e3 Ne6 12. b4 axb4 13. axb4 c6 14. b5 d5 15. bxc6 bxc6 16. cxd5 cxd5 17. Qb3 Nc5 18. Qb5 Bf8 19. d4 Ba6 20. Qb6 Qxb6 21. Rxb6 Bxf1 22. Kxf1 Ncd7 23. Rb1 e4 24. f3 Rec8 25. Bd2 exf3 26. Bxf3 Rab8 27. Rxb8 Rxb8 28. Nxd5 Nxd5 29. Bxd5 Nf6 30. Bf3 Bh6 31. Ke2 Re8 32. Kd3 Kg7 33. Nc2 Nd7 34. Bc3 f5 35. Bc6 Rd8 36. Ke2 Nf6 37. d5 Kf7 38. Nb4 Bf8 39. Nd3 Nxd5 40. Bd4 Bg7 41. Bc5 1-0

[Event "Charlotte CCCSA Spring IM-B"]
[Site "Charlotte"]
[Date "2023.03.19"]
[Round "9"]
[White "Sandoval Mercado, Carlos"]
[Black "Putnam, Liam H"]
[Result "1-0"]
[WhiteElo "2269"]
[BlackElo "2285"]
[PlyCount "89"]
[EventDate "2023.03.15"]
[EventType "tourn"]
[EventRounds "9"]
[EventCountry "USA"]
[SourceTitle "CBM 213 Extra"]
[Source "ChessBase"]
[SourceDate "2023.05.31"]
[SourceVersion "1"]
[SourceVersionDate "2023.05.31"]
[SourceQuality "1"]

1. d4 Nf6 2. c4 e6 3. Nf3 d5 4. g3 Bb4+ 5. Bd2 Bd6 6. Bg2 c6 7. Nc3 Nbd7 8. b3 0-0 9. Qc2 dxc4 10. bxc4 e5 11. 0-0 exd4 12. Nxd4 Nc5 13. Rad1 Bxg3 14. Be3 Bxh2+ 15. Kxh2 Ng4+ 16. Kg1 Nxe3 17. fxe3 Qg5 18. Rf3 Bg4 19. Rg3 h5 20. Ne4 Qe5 21. Kf2 f5 22. Nxc5 h4 23. Rf3 Bxf3 24. exf3 Rae8 25. Nce6 Qg3+ 26. Kf1 Rf6 27. Nxg7 Qxg7 28. Nxf5 Qg5 29. e4 Rg6 30. Qf2 Rd8 31. Rxd8+ Qxd8 32. Nxh4 Rg7 33. Kg1 Qd1+ 34. Kh2 Qd6+ 35. f4 Rg4 36. Nf5 Qf6 37. Bh3 Rg6 38. e5 Qd8 39. Qd4 Qxd4 40. Nxd4 c5 41. Ne6 Kf7 42. Nxc5 b6 43. e6+ Ke7 44. f5 Rh6 45. Nd7 1-0

[Event "Charlotte CCCSA Spring IM-B"]
[Site "Charlotte"]
[Date "2023.03.18"]
[Round "7"]
[White "Sandoval Mercado, Carlos"]
[Black "Reiss, Aiden"]
[Result "1-0"]
[WhiteElo "2269"]
[BlackElo "2112"]
[PlyCount "91"]
[EventDate "2023.03.15"]
[EventType "tourn"]
[EventRounds "9"]
[EventCountry "USA"]
[SourceTitle "CBM 213 Extra"]
[Source "ChessBase"]
[SourceDate "2023.05.31"]
[SourceVersion "1"]
[SourceVersionDate "2023.05.31"]
[SourceQuality "1"]

1. d4 Nf6 2. c4 g6 3. Nc3 d5 4. Nf3 Bg7 5. e3 0-0 6. Qb3 e6 7. Bd2 c5 8. dxc5 Nc6 9. cxd5 exd5 10. Be2 d4 11. Nxd4 Nxd4 12. exd4 Qxd4 13. Be3 Qe5 14. 0-0 Bg4 15. Bc4 Bd7 16. h3 Bc6 17. Rad1 Rab8 18. Rfe1 Nh5 19. Bd5 a5 20. Bc1 Qc7 21. Nb5 Bxb5 22. Qxb5 Rfc8 23. Bb3 Nf6 24. Bg5 Rd8 25. Qb6 Rxd1 26. Rxd1 Qxb6 27. cxb6 Ne4 28. Bf4 Rc8 29. Bd5 Nc5 30. b3 Bf8 31. Be3 Kg7 32. Bf3 Rb8 33. Rd5 Rc8 34. Rd1 Rb8 35. Bd4+ f6 36. Bc3 Ra8 37. Bxb7 Rb8 38. Bf3 Rxb6 39. Bxa5 Rb5 40. b4 Ne6 41. a4 Re5 42. b5 Nc5 43. Bc7 Nxa4 44. Bxe5 fxe5 45. Rc1 Bc5 46. Rc4 1-0

[Event "Los Angeles 1000GM GM 02"]
[Site "Los Angeles"]
[Date "2023.02.23"]
[Round "4.2"]
[White "Heimann, Mark A"]
[Black "Sandoval Mercado, Carlos"]
[Result "1-0"]
[WhiteElo "2431"]
[BlackElo "2322"]
[PlyCount "107"]
[EventDate "2023.02.22"]
[EventType "team-schev"]
[EventRounds "9"]
[EventCountry "USA"]
[SourceTitle "CBM 213 Extra"]
[Source "ChessBase"]
[SourceDate "2023.05.31"]
[SourceVersion "1"]
[SourceVersionDate "2023.05.31"]
[SourceQuality "1"]
[WhiteTeam "Group B"]
[BlackTeam "Group C"]
[WhiteTeamCountry "USA"]
[BlackTeamCountry "USA"]

1. d4 d5 2. c4 e6 3. Nc3 Bb4 4. a3 Bxc3+ 5. bxc3 Nf6 6. e3 0-0 7. cxd5 exd5 8. Bd3 c5 9. Ne2 b6 10. 0-0 Ba6 11. Bxa6 Nxa6 12. f3 Re8 13. Ng3 Nc7 14. Qd3 Ne6 15. Bb2 h5 16. Nh1 Qc7 17. Nf2 Re7 18. e4 dxe4 19. fxe4 cxd4 20. cxd4 Rd8 21. Rae1 Qf4 22. d5 Nc5 23. Qd1 Ng4 24. Nxg4 Qxg4 25. e5 Qxd1 26. Rxd1 Rc7 27. Bc1 Rcd7 28. Bg5 Re8 29. Rfe1 f6 30. exf6 Rxe1+ 31. Rxe1 gxf6 32. Bxf6 Rxd5 33. Be7 Rd2 34. h3 Kf7 35. Bh4 a5 36. Re5 Ra2 37. Rxh5 Rxa3 38. Bf2 Rc3 39. Rh7+ Ke6 40. Rh6+ Kd5 41. Rxb6 Ne4 42. Bh4 a4 43. Ra6 Nc5 44. Ra8 a3 45. Bf6 Re3 46. h4 Re6 47. Bc3 Rh6 48. g3 Na6 49. Kg2 Ke4 50. h5 a2 51. Bg7 Rc6 52. Re8+ Kf5 53. Kh3 Rc5 54. h6 1-0

[Event "Carlos Torre Memorial op 32nd"]
[Site "Merida"]
[Date "2022.12.19"]
[Round "6"]
[White "Bustamante Orta, Jorge"]
[Black "Sandoval Mercado, Carlos"]
[Result "0-1"]
[WhiteElo "2048"]
[BlackElo "2330"]
[PlyCount "104"]
[EventDate "2022.12.16"]
[EventType "swiss"]
[EventRounds "9"]
[EventCountry "MEX"]
[SourceTitle "CBM 212 Extra"]
[Source "ChessBase"]
[SourceDate "2023.03.31"]
[SourceVersion "1"]
[SourceVersionDate "2023.03.31"]
[SourceQuality "1"]

1. b3 e5 2. Bb2 Nc6 3. c4 g6 4. e3 Bg7 5. Nf3 d6 6. d4 e4 7. Ng1 Nf6 8. Nc3 0-0 9. Nge2 Re8 10. Nf4 Ne7 11. Be2 g5 12. Nh5 Nxh5 13. Bxh5 Ng6 14. Qc2 c6 15. d5 Ne5 16. Be2 Bf5 17. 0-0-0 b5 18. cxb5 Nd3+ 19. Rxd3 exd3 20. Bxd3 Bxd3 21. Qxd3 cxb5 22. Nxb5 Rc8+ 23. Kb1 Bxb2 24. Kxb2 Qf6+ 25. Kb1 Qxf2 26. Rf1 Rxe3 27. Rxf2 Rxd3 28. Nxd6 Rd8 29. Nf5 Kf8 30. d6 h5 31. Kc2 Rd5 32. Kc3 Rc8+ 33. Kb4 Rcc5 34. Nh6 a5+ 35. Ka3 f5 36. b4 Rb5 37. bxa5 Rxd6 38. Rxf5+ Rxf5 39. Nxf5 Rd5 40. Kb4 Rxf5 41. a6 Ke7 42. a7 Rf8 43. Kc5 Kd7 44. Kb6 Ra8 45. a4 Kd8 46. Kb7 Kd7 47. Kxa8 Kc7 48. a5 Kc8 49. g4 hxg4 50. h4 g3 51. a6 g2 52. hxg5 g1Q 0-1

[Event "Carlos Torre Memorial op 32nd"]
[Site "Merida"]
[Date "2022.12.18"]
[Round "4"]
[White "Albornoz Cabrera, Carlos Daniel"]
[Black "Sandoval Mercado, Carlos"]
[Result "1-0"]
[WhiteElo "2577"]
[BlackElo "2330"]
[PlyCount "86"]
[EventDate "2022.12.16"]
[EventType "swiss"]
[EventRounds "9"]
[EventCountry "MEX"]
[SourceTitle "CBM 212 Extra"]
[Source "ChessBase"]
[SourceDate "2023.03.31"]
[SourceVersion "1"]
[SourceVersionDate "2023.03.31"]
[SourceQuality "1"]

1. e4 c5 2. Nf3 e6 3. d4 cxd4 4. Nxd4 Nf6 5. Nc3 Nc6 6. Nxc6 bxc6 7. e5 Nd5 8. Ne4 Qc7 9. f4 Qb6 10. c4 Bb4+ 11. Ke2 f5 12. Nf2 Ba6 13. Kf3 Ne7 14. Be3 Bc5 15. Bxc5 Qxc5 16. Qd6 Qb6 17. b3 c5 18. Rd1 Bb7+ 19. Ke3 Kf7 20. Qxb6 axb6 21. Rxd7 Bc6 22. Rd2 g5 23. Nh3 gxf4+ 24. Nxf4 Rhd8 25. Rxd8 Rxd8 26. Be2 Ng6 27. Nxg6 hxg6 28. Bf3 Bxf3 29. gxf3 g5 30. h4 g4 31. fxg4 fxg4 32. Rf1+ Kg6 33. Rf6+ Kh5 34. Rxe6 g3 35. Kf3 Rd3+ 36. Kg2 Kxh4 37. Rxb6 Rd2+ 38. Kf3 Rf2+ 39. Ke4 Rxa2 40. Rg6 Rd2 41. e6 Kh3 42. e7 g2 43. e8Q Re2+ 1-0

[Event "Guillermo Garcia Memorial-A"]
[Site "Santa Clara"]
[Date "2022.05.09"]
[Round "9"]
[White "Sandoval Mercado, Carlos"]
[Black "Nogueiras Santiago, Jesus"]
[Result "1-0"]
[WhiteElo "2302"]
[BlackElo "2473"]
[PlyCount "101"]
[EventDate "2022.04.30"]
[EventType "tourn"]
[EventRounds "9"]
[EventCountry "CUB"]
[EventCategory "8"]
[SourceTitle "CBM 208 Extra"]
[Source "ChessBase"]
[SourceDate "2022.07.31"]
[SourceVersion "1"]
[SourceVersionDate "2022.07.31"]
[SourceQuality "1"]

1. d4 g6 2. c4 Bg7 3. Nf3 c5 4. d5 d6 5. e4 Nf6 6. Nc3 0-0 7. Be2 e6 8. 0-0 exd5 9. cxd5 Bg4 10. Nd2 Bxe2 11. Qxe2 Re8 12. h3 Nbd7 13. a4 Nh5 14. Nc4 Ne5 15. g4 Nxc4 16. Qxc4 Nf6 17. e5 Rxe5 18. Bf4 Nd7 19. Bxe5 Nxe5 20. Qe4 c4 21. Rae1 a6 22. Re2 Rc8 23. Kg2 Qa5 24. Qf4 Rf8 25. Rd1 f5 26. g5 b5 27. Re3 b4 28. Ne2 Qxa4 29. Rd2 Qb5 30. Qg3 c3 31. bxc3 Nc4 32. Re7 Nxd2 33. Qxd6 f4 34. f3 Nc4 35. Qe6+ Kh8 36. Nxf4 Rxf4 37. Re8+ Qxe8 38. Qxe8+ Rf8 39. Qe4 Nd2 40. Qxb4 Nxf3 41. d6 Ne1+ 42. Kg1 Nd3 43. Qe4 Ne5 44. c4 a5 45. c5 Ra8 46. c6 Nxc6 47. Qxc6 Bf8 48. Qc3+ Kg8 49. Qc4+ Kh8 50. Qd4+ Kg8 51. Qd5+ 1-0